01060naa a22002777a 4500001001000000003000900010005001700019007000300036008003400039040005400073041000900127072002600136100001700162100001600179100002100195245009400216246009300310246004000403500010000443773009900543650000900642650001200651650001000663650002300673490008600696BR8600839BR-BrBNA20250721154457.0ta250630b bl.|||m| |||| 00| 0 por d aBR-BrBNAbporcBiblioteca Nacional de Agricultura a(Pt) aH10b0336b4020b39301 aMoscardi, F.1 aLeite, L.G.1 aZamataro, C.E.O.1 aTeste da atividade de uma formulacao po molhavel de Baculovirus anticarsia em laboratorio1 a[Activity test for a wetable powder formulation of Baculovirus anticarsia in laboratory]1 a[Soybean research findings 1984/85] aResultados de pesquisa de soja 1984/85 Londrina, PR (Brasil): 1985. p. 129-130 (BR8600839-AMS) 0 tResultados de pesquisa de soja 1984/85wH10 BR8600839gLondrina, PR (Brasil), 1985. p. 129-130 aSOJA aLAGARTA aVIRUS aCONTROLE BIOLOGICO aDocumentos - Centro Nacional de Pesquisa de Soja (Brazil)vno. 15xISSN 0101-5494